Land tenure in development cooperation : (Record no. 22395)
[ view plain ]
| 000 -LEADER | |
|---|---|
| fixed length control field | 00649cam a22002294a 4500 |
| 020 ## - INTERNATIONAL STANDARD BOOK NUMBER | |
| ISBN | 3880855218 |
| 020 ## - INTERNATIONAL STANDARD BOOK NUMBER | |
| ISBN | 3631300379 |
| 040 ## - CATALOGING SOURCE | |
| Transcribing agency | DLC |
| 082 ## - DEWEY DECIMAL CLASSIFICATION NUMBER | |
| Classification number | 332 MIC 1998 C289 Or. |
| 100 1# - MAIN ENTRY--AUTHOR NAME | |
| Personal name | Kirk, Michael, |
| 245 10 - TITLE STATEMENT | |
| Title | Land tenure in development cooperation : |
| Remainder of title | guiding principles / |
| 260 ## - PUBLICATION, DISTRIBUTION, ETC. (IMPRINT) | |
| Place of publication | Frankfurt am Main ; |
| -- | New York : |
| Name of publisher | Peter Lang, |
| Year of publication | c1998 |
| 300 ## - PHYSICAL DESCRIPTION | |
| Number of Pages | xx, 484 p. : |
| Other physical details | ill., maps ; |
| Dimensions | 23 cm |
| 650 #0 - SUBJECT ADDED ENTRY--TOPICAL TERM | |
| Topical Term | Land tenure |
| 650 #0 - SUBJECT ADDED ENTRY--TOPICAL TERM | |
| Topical Term | Farm tenancy |
| 650 #0 - SUBJECT ADDED ENTRY--TOPICAL TERM | |
| Topical Term | Land use |
| 650 #0 - SUBJECT ADDED ENTRY--TOPICAL TERM | |
| Topical Term | Agriculture |
| 650 #0 - SUBJECT ADDED ENTRY--TOPICAL TERM | |
| Topical Term | Agriculture |
| 650 #0 - SUBJECT ADDED ENTRY--TOPICAL TERM | |
| Topical Term | Technological innovations |
| 650 #0 - SUBJECT ADDED ENTRY--TOPICAL TERM | |
| Topical Term | Conservation of natural resources |
| 942 ## - ADDED ENTRY ELEMENTS (KOHA) | |
| Koha item type | ADB |
| 952 ## - LOCATION AND ITEM INFORMATION (KOHA) | |
| Withdrawn status [LOCAL, KOHA] | 0 |
| Permanent Location | Date acquired | Koha item type | Lost status | Shelving location | Barcode | Current Location | Full call number |
|---|---|---|---|---|---|---|---|
| Library Block C | 2023-12-13 | ADB | C289 | A074820 | Library Block C | 332 MIC 1998 C289 Or. |